| 000 | 01523nam a22001937a 4500 | ||
|---|---|---|---|
| 999 |
_c57259 _d57259 |
||
| 003 | Ge_BSU | ||
| 005 | 20200129111947.0 | ||
| 008 | 200129s2016 ||||| |||| 00| 0 geo d | ||
| 041 | _ageo | ||
| 080 | _a322(479.22)+342.731(479.22)+316.647.5(479.22)+35.07(479.22) ს-39 | ||
| 245 |
_aსეკულარიზმი და რელიგიური ნეიტრალიტეტი საჯარო სამსახურში : _bპრაქტიკული სახელმძღვანელო საჯარო მოხელეთათვის / _cავტორთა ჯგუფი : ზაზა ვაშაყმაძე ; ლევან აბაშიძე ; ზაზა ფირალიშვილი [და სხვ.] მთ. რედ. ზაზა ვაშაყმაძე. |
||
| 264 |
_aთბილისი : _bრელიგიის საკითხთა სახელმწ. სააგენტო, _c2016. |
||
| 300 |
_a75 გვ. ; _c24 სმ. |
||
| 653 | _aსახელმწიფოსა და ეკლესიის ურთიერთობა პოლიტიკა რელიგიისა და ეკლესიის მიმართებაში | ||
| 700 |
_aაბაშიძე, ლევან _91268 |
||
| 700 |
_aფირალიშვილი, ზაზა _95791 |
||
| 700 |
_aვაშაყმაძე, ზაზა _eმთავარი რედაქტორი _958 |
||
| 942 |
_2udc _cBK |
||